000 00442nam a2200157 i 4500
001 43722
003 ES-MaACL
005 20230906160850.0
007 t|
008 030318s1977 sp ||||1| spa d
100 1 _aCervera Vera, Luis.
_937646
245 1 0 _aInventario de los bienes de Juan de Herrera /
_cLuis Cervera Vera.
260 _aValencia :
_bAlbatros,
_c1977.
300 _a226 p. ;
_c28 cm.
852 _aES-MaACL
_jL-2730
_bR.103460
999 _c43722
_d43722